[Event "Tradewise Gibraltar Chess Festival 2013"]
[Site "Gibraltar ENG"]
[Date "2013.01.27"]
[Round "6.16"]
[White "Mastrovasilis, Athanasios"]
[Black "Wojtaszek, Radoslaw"]
[Result "1/2-1/2"]
[WhiteElo "2498"]
[BlackElo "2723"]
[PlyCount "87"]
[EventDate "2013.01.22"]
[EventType "swiss"]
[EventRounds "10"]
[EventCountry "ENG"]
[Source "lmi"]
[SourceDate "2013.01.22"]

1. d4 Nf6 2. c4 e6 3. Nc3 Bb4 4. Bg5 c5 5. d5 d6 6. e3 exd5 7. cxd5 Nbd7 8. Bd3
Qa5 9. Nge2 Nxd5 10. O-O Bxc3 11. bxc3 c4 12. Bc2 O-O 13. Ng3 Nxc3 14. Qh5 f5
15. Be7 Nf6 16. Qh4 Rf7 17. Qxc4 d5 18. Qb4 Qxb4 19. Bxb4 Nce4 20. Rfd1 Nxg3
21. hxg3 Be6 22. Bb3 Rc8 23. Rab1 Rfc7 24. Bd6 Rd7 25. Be5 Ne4 26. Rbc1 Nc5 27.
Rc3 b6 28. Rdc1 Kf8 29. Ba4 Rdd8 30. Bb5 Kf7 31. Bd4 g6 32. Bxc5 bxc5 33. Rxc5
Rxc5 34. Rxc5 Rc8 35. Rxc8 Bxc8 36. Kf1 Ke6 37. Ke2 Kd6 38. Kd3 Ke5 39. a4 a6
40. Be8 a5 41. Bb5 Bb7 42. f3 Bc8 43. Kc3 Bb7 44. Kd3 1/2-1/2

[Event "Tradewise Gibraltar Chess Festival 2013"]
[Site "Gibraltar ENG"]
[Date "2013.01.27"]
[Round "6.18"]
[White "Jussupow, Artur"]
[Black "Zhou, Yang-Fan"]
[Result "1/2-1/2"]
[WhiteElo "2611"]
[BlackElo "2439"]
[PlyCount "117"]
[EventDate "2013.01.22"]
[EventType "swiss"]
[EventRounds "10"]
[EventCountry "ENG"]
[Source "lmi"]
[SourceDate "2013.01.22"]

1. c4 Nf6 2. g3 g6 3. Bg2 Bg7 4. Nc3 O-O 5. d4 d6 6. Nf3 Nbd7 7. O-O e5 8. e4
c6 9. h3 Qa5 10. Be3 exd4 11. Nxd4 Nb6 12. Qd3 Qa6 13. b3 d5 14. Qc2 dxe4 15.
Nxe4 Nxe4 16. Qxe4 Bd7 17. Qc2 c5 18. Nb5 Bxb5 19. cxb5 Qxb5 20. Qxc5 Qxc5 21.
Bxc5 Bxa1 22. Bxf8 Kxf8 23. Rxa1 Rd8 24. Bxb7 Rd7 25. Ba6 Rd2 26. a4 Ke7 27.
Rc1 Kd6 28. a5 Nd7 29. Rc8 Ra2 30. b4 Ne5 31. Rd8+ Ke7 32. Ra8 Nc6 33. Bb5 Nxb4
34. Rxa7+ Kd6 35. a6 Kc5 36. Bf1 f5 37. Rc7+ Kd6 38. Rxh7 Nxa6 39. Rg7 Nc5 40.
Rxg6+ Ke5 41. h4 Ne4 42. f3 Nd2 43. Bg2 f4 44. g4 Nc4 45. Bf1 Ne3 46. Ra6 Rb2
47. Ra1 Nc2 48. Rd1 Rb3 49. Rd3 Rb1 50. Kf2 Ne3 51. Be2 Rh1 52. Rd8 Rxh4 53.
Bd3 Rh2+ 54. Ke1 Ng2+ 55. Kd1 Ne3+ 56. Kc1 Rg2 57. Be4 Kf6 58. Re8 Kf7 59. Re5
1/2-1/2

[Event "Tradewise Gibraltar Chess Festival 2013"]
[Site "Gibraltar ENG"]
[Date "2013.01.27"]
[Round "6.19"]
[White "Ehlvest, Jaan"]
[Black "Muzychuk, Mariya"]
[Result "1/2-1/2"]
[WhiteElo "2603"]
[BlackElo "2471"]
[PlyCount "81"]
[EventDate "2013.01.22"]
[EventType "swiss"]
[EventRounds "10"]
[EventCountry "ENG"]
[Source "lmi"]
[SourceDate "2013.01.22"]

1. e4 c5 2. Nf3 e6 3. c3 d5 4. exd5 Qxd5 5. d4 Nf6 6. Na3 Nc6 7. Be3 cxd4 8.
Nb5 Qd8 9. Nbxd4 Nxd4 10. Bxd4 Be7 11. Bd3 O-O 12. Qc2 h6 13. O-O-O Nd5 14. Kb1
Bf6 15. Ne5 Bxe5 16. Bxe5 Qa5 17. Qe2 Bd7 18. Qe4 f5 19. Qd4 Rf7 20. Be2 Bc6
21. b4 Qa4 22. Bc4 a5 23. Bb3 Qa3 24. Rhe1 Ba4 25. Bxd5 exd5 26. Rd2 Bb5 27.
Re3 Bc4 28. b5 Qa4 29. Rg3 Qxb5+ 30. Kc1 Re8 31. f4 Qd7 32. Qb6 Re6 33. Qxa5
Ra6 34. Qc5 Bxa2 35. Kd1 Bc4 36. Ke1 Ra1+ 37. Kf2 Rf1+ 38. Ke3 Re1+ 39. Kf2
Rf1+ 40. Ke3 Re1+ 41. Kf2 1/2-1/2

[Event "Tradewise Gibraltar Chess Festival 2013"]
[Site "Gibraltar ENG"]
[Date "2013.01.27"]
[Round "6.20"]
[White "Muzychuk, Anna"]
[Black "Kuipers, Stefan"]
[Result "1-0"]
[WhiteElo "2582"]
[BlackElo "2431"]
[PlyCount "49"]
[EventDate "2013.01.22"]
[EventType "swiss"]
[EventRounds "10"]
[EventCountry "ENG"]
[Source "lmi"]
[SourceDate "2013.01.22"]

1. e4 e6 2. d4 d5 3. Nc3 Bb4 4. Nge2 dxe4 5. a3 Bxc3+ 6. Nxc3 e5 7. Be3 Bf5 8.
dxe5 Nc6 9. Bb5 Nge7 10. Bc5 a6 11. Ba4 b5 12. Bb3 O-O 13. Qh5 Be6 14. O-O Bxb3
15. cxb3 Re8 16. Rad1 Qc8 17. Nxe4 Qe6 18. f4 Qxb3 19. f5 Qc4 20. e6 Ne5 21.
Rd4 Qb3 22. Rb4 Qc2 23. Bxe7 Rxe7 24. Qg5 Kf8 25. f6 1-0

[Event "Tradewise Gibraltar Chess Festival 2013"]
[Site "Gibraltar ENG"]
[Date "2013.01.27"]
[Round "6.21"]
[White "Zhao, Xue"]
[Black "Roser, Kevin"]
[Result "1-0"]
[WhiteElo "2554"]
[BlackElo "2409"]
[PlyCount "89"]
[EventDate "2013.01.22"]
[EventType "swiss"]
[EventRounds "10"]
[EventCountry "ENG"]
[Source "lmi"]
[SourceDate "2013.01.22"]

1. d4 Nf6 2. c4 e6 3. Nf3 b6 4. g3 Ba6 5. Nbd2 d5 6. Bg2 Be7 7. O-O O-O 8. Ne5
Bb7 9. Qc2 c5 10. dxc5 bxc5 11. Nb3 Na6 12. Bg5 Qc7 13. Bxf6 Bxf6 14. Ng4 Be7
15. cxd5 exd5 16. Ne3 Rfd8 17. Rfd1 d4 18. Bxb7 Qxb7 19. Ng2 Rac8 20. Na5 Qb5
21. Nc4 Nb4 22. Qb3 a5 23. a4 Qa6 24. Nf4 Rb8 25. Nd3 h5 26. h4 g6 27. Rdc1 Nc6
28. Qd1 Rd5 29. Ra3 Qc8 30. Rb3 Rd8 31. Rb5 Qg4 32. Qf1 Rd5 33. Qg2 Rbd8 34.
Nf4 d3 35. Ne3 dxe2 36. Nexd5 Nd4 37. Nxe7+ Kf8 38. Ned5 Nf3+ 39. Kh1 e1=Q+ 40.
Rxe1 Nxe1 41. Qe4 Qd1 42. Qe7+ Kg7 43. Ne6+ Kh6 44. Qg5+ Kh7 45. Nf6+ 1-0

[Event "Tradewise Gibraltar Chess Festival 2013"]
[Site "Gibraltar ENG"]
[Date "2013.01.27"]
[Round "6.22"]
[White "Melia, Salome"]
[Black "Maze, Sebastien"]
[Result "1/2-1/2"]
[WhiteElo "2403"]
[BlackElo "2546"]
[PlyCount "68"]
[EventDate "2013.01.22"]
[EventType "swiss"]
[EventRounds "10"]
[EventCountry "ENG"]
[Source "lmi"]
[SourceDate "2013.01.22"]

1. e4 e5 2. Nf3 Nc6 3. Bb5 Nf6 4. d3 Bc5 5. c3 d6 6. d4 exd4 7. cxd4 Bb4+ 8.
Bd2 Bxd2+ 9. Nbxd2 O-O 10. O-O Ne7 11. Re1 Ng6 12. Bf1 c6 13. b4 Re8 14. Rc1
Bd7 15. Qb3 Be6 16. Qb1 Nd7 17. Nc4 Nb6 18. Na5 Rb8 19. b5 c5 20. dxc5 dxc5 21.
Nb3 Bg4 22. Re3 Bxf3 23. Rxf3 Ne5 24. Rg3 c4 25. Rd1 Qc7 26. Nd4 Rbd8 27. Nf5
g6 28. Rxd8 Rxd8 29. Qc1 f6 30. h4 Kh8 31. Nh6 Qd7 32. Qa3 Kg7 33. Nf5+ Kh8 34.
Nh6 Kg7 1/2-1/2

[Event "Tradewise Gibraltar Chess Festival 2013"]
[Site "Gibraltar ENG"]
[Date "2013.01.27"]
[Round "6.23"]
[White "Jones, Richard S"]
[Black "Ibarra Jerez, Jose Carlos"]
[Result "0-1"]
[WhiteElo "2393"]
[BlackElo "2538"]
[PlyCount "58"]
[EventDate "2013.01.22"]
[EventType "swiss"]
[EventRounds "10"]
[EventCountry "ENG"]
[Source "lmi"]
[SourceDate "2013.01.22"]

1. e4 c5 2. Nf3 Nf6 3. Nc3 d5 4. exd5 Nxd5 5. Bb5+ Bd7 6. Ne5 Bxb5 7. Qf3 f6 8.
Nxb5 Na6 9. Qh5+ g6 10. Nxg6 hxg6 11. Qxh8 Qd7 12. Nc3 Qe6+ 13. Kf1 Nab4 14.
Qh3 Qxh3 15. gxh3 e6 16. Nxd5 exd5 17. d3 Nxc2 18. Rb1 Nb4 19. d4 c4 20. Rg1
Kf7 21. Bd2 Nxa2 22. Rg3 Nb4 23. b3 a5 24. bxc4 dxc4 25. Ra3 b5 26. d5 Nxd5 27.
Rxa5 Rxa5 28. Bxa5 b4 29. Rd1 c3 0-1

[Event "Tradewise Gibraltar Chess Festival 2013"]
[Site "Gibraltar ENG"]
[Date "2013.01.27"]
[Round "6.24"]
[White "Gordon, Stephen J"]
[Black "Aloma Vidal, Robert"]
[Result "1/2-1/2"]
[WhiteElo "2533"]
[BlackElo "2389"]
[PlyCount "68"]
[EventDate "2013.01.22"]
[EventType "swiss"]
[EventRounds "10"]
[EventCountry "ENG"]
[Source "lmi"]
[SourceDate "2013.01.22"]

1. d4 Nf6 2. c4 g6 3. Nc3 Bg7 4. e4 d6 5. Nf3 O-O 6. Be2 e5 7. Be3 Ng4 8. Bg5
f6 9. Bh4 g5 10. Bg3 Nh6 11. h3 Nd7 12. Bh2 f5 13. exf5 Nxf5 14. dxe5 Nxe5 15.
Bxe5 dxe5 16. Qxd8 Rxd8 17. Nxg5 Nd4 18. Bd1 Bf5 19. Nge4 a6 20. O-O b5 21.
cxb5 axb5 22. Re1 b4 23. Na4 Be6 24. b3 Bd5 25. h4 Rf8 26. Rc1 c6 27. Bg4 Rf4
28. f3 Raf8 29. Nac5 h5 30. Bxh5 Rxh4 31. Bg4 Bh6 32. Rcd1 Nc2 33. g3 Rxg4 34.
fxg4 Be3+ 1/2-1/2

[Event "Tradewise Gibraltar Chess Festival 2013"]
[Site "Gibraltar ENG"]
[Date "2013.01.27"]
[Round "6.25"]
[White "Cmilyte, Viktorija"]
[Black "Kvisvik, Brede"]
[Result "1-0"]
[WhiteElo "2515"]
[BlackElo "2314"]
[PlyCount "109"]
[EventDate "2013.01.22"]
[EventType "swiss"]
[EventRounds "10"]
[EventCountry "ENG"]
[Source "lmi"]
[SourceDate "2013.01.22"]

1. d4 Nf6 2. c4 g6 3. Nc3 Bg7 4. g3 O-O 5. Bg2 c6 6. Nf3 d6 7. O-O Nbd7 8. Qc2
e5 9. Rd1 Re8 10. b3 Qa5 11. d5 c5 12. Nd2 a6 13. e4 b5 14. cxb5 axb5 15. a4
Ba6 16. Kh1 Reb8 17. Bb2 b4 18. Nb5 Bxb5 19. axb5 Qd8 20. Ra6 Nb6 21. Rda1 Nfd7
22. Bh3 Bh6 23. Kg2 Rxa6 24. bxa6 Ra8 25. Kg1 Ra7 26. Bc1 Qa8 27. Bf1 Bf8 28.
Qd3 Qd8 29. Qb5 Nb8 30. Qa5 Qc7 31. Qb5 Qd8 32. Nf3 h6 33. Be3 Na8 34. Ra4 Qc8
35. Bh3 Qd8 36. Bf1 Qc8 37. h4 Kg7 38. h5 g5 39. Ne1 Be7 40. Nc2 Rc7 41. a7 Nd7
42. Ra6 Qb7 43. Qa5 Nf6 44. Bb5 Qc8 45. Bc6 Ne8 46. Qb5 Nf6 47. Bxa8 Qxa8 48.
Qb8 Rc8 49. Qxc8 Qxc8 50. a8=Q Qh3 51. Ra7 Ng4 52. Rxe7 Qh2+ 53. Kf1 Qh1+ 54.
Ke2 Qxe4 55. Kd2 1-0

[Event "Tradewise Gibraltar Chess Festival 2013"]
[Site "Gibraltar ENG"]
[Date "2013.01.27"]
[Round "6.26"]
[White "Teran Alvarez, Ismael"]
[Black "Harika, Dronavalli"]
[Result "1/2-1/2"]
[WhiteElo "2399"]
[BlackElo "2514"]
[PlyCount "61"]
[EventDate "2013.01.22"]
[EventType "swiss"]
[EventRounds "10"]
[EventCountry "ENG"]
[Source "lmi"]
[SourceDate "2013.01.22"]

1. b3 d5 2. Bb2 Nf6 3. e3 c6 4. f4 g6 5. Nf3 Bg7 6. Be2 O-O 7. O-O Bg4 8. h3
Bxf3 9. Bxf3 Nbd7 10. Qe2 Nh5 11. Bxg7 Nxg7 12. d4 f6 13. c4 dxc4 14. Qxc4+ Kh8
15. Nc3 Nf5 16. Rae1 e5 17. fxe5 fxe5 18. Bg4 exd4 19. Bxf5 dxc3 20. Bg4 Qe7
21. Bxd7 Qxd7 22. Qxc3+ Qg7 23. Qc5 a6 24. Rxf8+ Qxf8 25. Qb6 Qg7 26. e4 Re8
27. e5 Qd7 28. Qb4 Qe7 29. Qb6 Qd7 30. Qb4 Qe7 31. Qb6 1/2-1/2

[Event "Tradewise Gibraltar Chess Festival 2013"]
[Site "Gibraltar ENG"]
[Date "2013.01.27"]
[Round "6.27"]
[White "Semprun Martinez, Fernando"]
[Black "Al-Sayed, Mohammed"]
[Result "0-1"]
[WhiteElo "2201"]
[BlackElo "2507"]
[PlyCount "74"]
[EventDate "2013.01.22"]
[EventType "swiss"]
[EventRounds "10"]
[EventCountry "ENG"]
[Source "lmi"]
[SourceDate "2013.01.22"]

1. e4 c5 2. Nf3 d6 3. d4 cxd4 4. Nxd4 Nf6 5. Nc3 a6 6. Bg5 Nbd7 7. Qe2 h6 8.
Bh4 e5 9. Nf5 g6 10. Ne3 Be7 11. O-O-O b5 12. f3 Bb7 13. Bxf6 Nxf6 14. Ncd5 Rc8
15. Nxf6+ Bxf6 16. Nd5 Bg5+ 17. Kb1 Rc5 18. g3 h5 19. h4 Bh6 20. f4 Bxd5 21.
exd5 Qe7 22. fxe5 Qxe5 23. Qxe5+ dxe5 24. b4 Rc3 25. a4 bxa4 26. Kb2 Rxg3 27.
Bxa6 Kd7 28. d6 Rb8 29. c3 e4 30. Rd5 Bg7 31. Bb5+ Ke6 32. Rhd1 Rxc3 33. Ka2
Rc2+ 34. Ka3 Bb2+ 35. Kxa4 Rc3 36. Ka5 Ra3+ 37. Ba4 Bf6 0-1

[Event "Tradewise Gibraltar Chess Festival 2013"]
[Site "Gibraltar ENG"]
[Date "2013.01.27"]
[Round "6.29"]
[White "Pinho, Paulo"]
[Black "Gallagher, Joseph G"]
[Result "0-1"]
[WhiteElo "2128"]
[BlackElo "2499"]
[PlyCount "56"]
[EventDate "2013.01.22"]
[EventType "swiss"]
[EventRounds "10"]
[EventCountry "ENG"]
[Source "lmi"]
[SourceDate "2013.01.22"]

1. d4 Nf6 2. c4 g6 3. Nc3 Bg7 4. e4 d6 5. Nf3 O-O 6. Be2 e5 7. O-O Na6 8. Qc2
Qe8 9. d5 Nh5 10. Ne1 Nf4 11. Nd3 Nxd3 12. Qxd3 f5 13. Qd1 Nc5 14. f3 a5 15.
Be3 b6 16. b3 Bd7 17. Rb1 Qe7 18. Qd2 Rf7 19. Bd1 fxe4 20. fxe4 Rxf1+ 21. Kxf1
Qh4 22. g3 Bh3+ 23. Kg1 Qf6 24. Be2 Rf8 25. Re1 Bh6 26. Qc1 Nd3 27. Bxd3 Qf3
28. Qd2 Bxe3+ 0-1

[Event "Tradewise Gibraltar Chess Festival 2013"]
[Site "Gibraltar ENG"]
[Date "2013.01.27"]
[Round "6.30"]
[White "Nazarenus, Moritz"]
[Black "Vazquez Igarza, Renier"]
[Result "0-1"]
[WhiteElo "2248"]
[BlackElo "2565"]
[PlyCount "110"]
[EventDate "2013.01.22"]
[EventType "swiss"]
[EventRounds "10"]
[EventCountry "ENG"]
[Source "lmi"]
[SourceDate "2013.01.22"]

1. d4 Nf6 2. c4 e6 3. Nf3 d5 4. Nc3 Be7 5. Bg5 h6 6. Bh4 O-O 7. e3 b6 8. Be2
Nbd7 9. O-O Bb7 10. Rc1 c5 11. cxd5 Nxd5 12. Bg3 a6 13. Qd2 b5 14. dxc5 Nxc5
15. Rfd1 Qb6 16. Be5 Rfc8 17. Bd4 Qd8 18. Ne5 Nf6 19. Bf3 Bxf3 20. Nxf3 Qd7 21.
Ne5 Qb7 22. f3 Rc7 23. Ne2 Rac8 24. Nf4 Ncd7 25. Nfd3 Nxe5 26. Nxe5 Nd5 27. Nd3
Bg5 28. Nc5 Qa8 29. Nd3 Rc4 30. Rxc4 Rxc4 31. f4 Be7 32. b3 Rc8 33. Rc1 Bf6 34.
Ne5 Bxe5 35. Bxe5 f6 36. Bd4 Ne7 37. Bc5 Qd5 38. Qc2 f5 39. b4 Qc6 40. Rd1 Nd5
41. Qb2 a5 42. a3 axb4 43. axb4 Ra8 44. h3 Kh7 45. Kh2 Ra4 46. Rd2 Qc7 47. Qd4
Ra3 48. Rd3 Ra8 49. Rd1 g5 50. g3 Qg7 51. Qd2 Qc3 52. Qxc3 Nxc3 53. Rd7+ Kg6
54. Ra7 Rxa7 55. Bxa7 g4 0-1

[Event "Tradewise Gibraltar Chess Festival 2013"]
[Site "Gibraltar ENG"]
[Date "2013.01.27"]
[Round "6.31"]
[White "Tischbierek, Raj"]
[Black "Kantorik, Marian"]
[Result "1/2-1/2"]
[WhiteElo "2472"]
[BlackElo "2331"]
[PlyCount "81"]
[EventDate "2013.01.22"]
[EventType "swiss"]
[EventRounds "10"]
[EventCountry "ENG"]
[Source "lmi"]
[SourceDate "2013.01.22"]

1. g3 d5 2. Bg2 e5 3. d3 Nf6 4. Nf3 Nc6 5. O-O Be7 6. c3 a5 7. Nbd2 O-O 8. e4
dxe4 9. dxe4 Bc5 10. Qc2 Re8 11. Nc4 Qe7 12. b3 b5 13. Ne3 Be6 14. Ng5 Bxe3 15.
Bxe3 Ng4 16. Bd2 Bd7 17. h3 Nf6 18. a4 b4 19. Nf3 Rab8 20. cxb4 Nxb4 21. Bxb4
Qxb4 22. Nd2 Be6 23. Rab1 Red8 24. Rb2 Nd7 25. Rc1 Nb6 26. Ra2 Rd7 27. Qc3 Qxc3
28. Rxc3 Nxa4 29. Rxa4 Rxd2 30. Rxa5 g6 31. Rxe5 Rxb3 32. Rxb3 Bxb3 33. Rb5 Ba4
34. Rb4 Rd1+ 35. Kh2 Bd7 36. Rc4 c6 37. g4 g5 38. Rc5 h6 39. e5 Rd2 40. Kg3
Rd3+ 41. Kh2 1/2-1/2

[Event "Tradewise Gibraltar Chess Festival 2013"]
[Site "Gibraltar ENG"]
[Date "2013.01.27"]
[Round "6.32"]
[White "Hoang, Thanh Trang"]
[Black "Palencia, Wilson"]
[Result "1-0"]
[WhiteElo "2469"]
[BlackElo "2282"]
[PlyCount "141"]
[EventDate "2013.01.22"]
[EventType "swiss"]
[EventRounds "10"]
[EventCountry "ENG"]
[Source "lmi"]
[SourceDate "2013.01.22"]

1. d4 d5 2. c4 c6 3. Nf3 Nf6 4. e3 a6 5. Bd3 g6 6. O-O Bg7 7. Nbd2 O-O 8. cxd5
Nxd5 9. Nb3 Nd7 10. e4 Nc7 11. Qc2 e5 12. Bg5 Bf6 13. Bxf6 Qxf6 14. d5 Nb8 15.
Rfd1 Bg4 16. Be2 a5 17. Rac1 Bxf3 18. Bxf3 a4 19. Nc5 Nb5 20. dxc6 bxc6 21. Qc4
Nd4 22. Bg4 Ra5 23. Rd3 Rb5 24. Nxa4 Qf4 25. Bf3 Nd7 26. Re1 Ra8 27. b3 Nb6 28.
Nxb6 Rxb6 29. a4 Qf6 30. Bd1 Qe7 31. f4 Rb4 32. Qc1 Rab8 33. fxe5 Nxb3 34. Qxc6
Qxe5 35. Qd5 Qxd5 36. exd5 Nc5 37. Ra3 Rd4 38. Ra1 Rxd5 39. a5 Rd7 40. Bf3 Ra7
41. Re5 Rc8 42. h3 Kg7 43. Kh2 Rcc7 44. a6 Nb3 45. Ra2 Nc5 46. Rd5 Ne6 47. Rd6
Nc5 48. Rc2 Kf8 49. Rb6 Ke7 50. Rb7 Kd6 51. Rxc7 Rxc7 52. Bb7 Rxb7 53. axb7
Nxb7 54. Kg3 Ke6 55. Kf4 Kf6 56. Rc6+ Kg7 57. Ke5 Nd8 58. Ra6 Nb7 59. g4 Nc5
60. Rd6 g5 61. Rd5 Ne6 62. Kd6 h6 63. Rf5 Nf8 64. Ke7 Ng6+ 65. Ke8 f6 66. Ra5
Nf4 67. Ra7+ Kg6 68. Kf8 Ne6+ 69. Kg8 f5 70. Ra6 Kf6 71. Kh7 1-0

[Event "Tradewise Gibraltar Chess Festival 2013"]
[Site "Gibraltar ENG"]
[Date "2013.01.27"]
[Round "6.33"]
[White "Cernousek, Lukas"]
[Black "Diaz Velandia, Jose Manuel"]
[Result "1-0"]
[WhiteElo "2453"]
[BlackElo "2271"]
[PlyCount "153"]
[EventDate "2013.01.22"]
[EventType "swiss"]
[EventRounds "10"]
[EventCountry "ENG"]
[Source "lmi"]
[SourceDate "2013.01.22"]

1. Nf3 Nf6 2. c4 g6 3. d4 Bg7 4. Nc3 O-O 5. g3 d5 6. cxd5 Nxd5 7. Bg2 c5 8. O-O
Nc6 9. Nxd5 Qxd5 10. Be3 Qc4 11. d5 Nb4 12. Nd2 Qc2 13. a3 Qxd1 14. Raxd1 Na6
15. Nc4 Bg4 16. Rd2 Rad8 17. Rfd1 b6 18. h3 Bd7 19. b3 h6 20. Bf4 g5 21. Be5 f5
22. d6 e6 23. f4 Nb8 24. Bxg7 Kxg7 25. Ne5 Kf6 26. Rc1 Rg8 27. Kf2 gxf4 28.
gxf4 Bb5 29. b4 cxb4 30. axb4 Nd7 31. Bc6 Bxc6 32. Nxc6 Rc8 33. Rdc2 Rge8 34.
Nxa7 Rxc2 35. Rxc2 e5 36. Rc7 Ke6 37. fxe5 Nxe5 38. Nb5 Nd7 39. Rc4 Rg8 40. Rh4
Rg6 41. Rd4 Ke5 42. Rd3 f4 43. Na3 Ke6 44. Nc4 b5 45. Na3 Rg5 46. Rd4 Rf5 47.
h4 Rh5 48. Rxf4 Kxd6 49. Nc2 Re5 50. Nd4 h5 51. Kf3 Rd5 52. Ke4 Re5+ 53. Kd3
Rd5 54. e4 Re5 55. Nf3 Re8 56. Rf5 Rf8 57. Rd5+ Ke7 58. Nd4 Rf4 59. Nf5+ Ke8
60. Rxb5 Nf6 61. Ng7+ Kf7 62. Nxh5 Rxh4 63. Rb7+ Kg6 64. Nxf6 Kxf6 65. Kd4 Rh1
66. b5 Rd1+ 67. Kc5 Ke6 68. Rh7 Rc1+ 69. Kb6 Ke5 70. Kb7 Kxe4 71. b6 Kd5 72.
Rh6 Rb1 73. Kc7 Rc1+ 74. Kb8 Kc5 75. b7 Kb5 76. Rh2 Rg1 77. Ra2 1-0

[Event "Tradewise Gibraltar Chess Festival 2013"]
[Site "Gibraltar ENG"]
[Date "2013.01.27"]
[Round "6.34"]
[White "Dittmar, Peter"]
[Black "Womacka, Mathias"]
[Result "1/2-1/2"]
[WhiteElo "2330"]
[BlackElo "2442"]
[PlyCount "67"]
[EventDate "2013.01.22"]
[EventType "swiss"]
[EventRounds "10"]
[EventCountry "ENG"]
[Source "lmi"]
[SourceDate "2013.01.22"]

1. d4 Nf6 2. c4 e6 3. Nc3 Bb4 4. e3 c5 5. Nge2 cxd4 6. exd4 O-O 7. a3 Be7 8.
Nf4 d5 9. cxd5 Nxd5 10. Ncxd5 exd5 11. Bd3 Nc6 12. O-O Bf6 13. Be3 g6 14. Rc1
Qd6 15. Ne2 Be6 16. Qd2 Rfc8 17. h3 Qd8 18. b4 a5 19. b5 Ne7 20. Rxc8 Rxc8 21.
Rc1 Rxc1+ 22. Qxc1 Bf5 23. Qc2 Bxd3 24. Qxd3 Nf5 25. Bf4 Qe7 26. g4 Nd6 27. Nc3
Qe1+ 28. Kg2 Ne4 29. Nxe4 dxe4 30. Qc2 h5 31. gxh5 gxh5 32. Be3 Qa1 33. a4 Bxd4
34. Qxe4 1/2-1/2

[Event "Tradewise Gibraltar Chess Festival 2013"]
[Site "Gibraltar ENG"]
[Date "2013.01.27"]
[Round "6.35"]
[White "Akesson, Ralf"]
[Black "Amato, Andrea"]
[Result "1-0"]
[WhiteElo "2441"]
[BlackElo "2259"]
[PlyCount "87"]
[EventDate "2013.01.22"]
[EventType "swiss"]
[EventRounds "10"]
[EventCountry "ENG"]
[Source "lmi"]
[SourceDate "2013.01.22"]

1. d4 d5 2. Nf3 Nf6 3. c4 dxc4 4. e3 Bg4 5. Bxc4 e6 6. O-O a6 7. h3 Bh5 8. b3
Nc6 9. Bb2 Bd6 10. Be2 Nd5 11. Nbd2 O-O 12. Rc1 Qe7 13. Ne4 Ba3 14. Bxa3 Qxa3
15. Nc5 Ncb4 16. Ne5 Bxe2 17. Qxe2 b6 18. Ncd7 Nxa2 19. Ra1 Ndc3 20. Qf3 f6 21.
Nxf8 Rxf8 22. Nc4 Qxb3 23. Qc6 b5 24. Na5 Qd5 25. Qxc7 Qd8 26. Qxd8 Rxd8 27. f3
Rb8 28. Rf2 Nb4 29. Rd2 Rb6 30. Rc1 Na4 31. e4 Kf7 32. Rc7+ Kg6 33. Kh2 h5 34.
g4 hxg4 35. hxg4 Rd6 36. f4 Nb6 37. f5+ exf5 38. gxf5+ Kg5 39. Kg3 Rd7 40. Rc1
g6 41. Kf3 Kh6 42. Rb1 gxf5 43. Rg2 fxe4+ 44. Kxe4 1-0

[Event "Tradewise Gibraltar Chess Festival 2013"]
[Site "Gibraltar ENG"]
[Date "2013.01.27"]
[Round "6.37"]
[White "Trent, Lawrence"]
[Black "Hommerson, Paul"]
[Result "1-0"]
[WhiteElo "2429"]
[BlackElo "2237"]
[PlyCount "45"]
[EventDate "2013.01.22"]
[EventType "swiss"]
[EventRounds "10"]
[EventCountry "ENG"]
[Source "lmi"]
[SourceDate "2013.01.22"]

1. e4 c5 2. Nf3 e6 3. g3 Nf6 4. Qe2 Be7 5. e5 Nd5 6. Bg2 d6 7. exd6 Qxd6 8. O-O
O-O 9. d4 cxd4 10. Nxd4 Nd7 11. c4 N5b6 12. Rd1 Qe5 13. Qxe5 Nxe5 14. b3 Rd8
15. Nc3 Bc5 16. Be3 Rd7 17. h3 h5 18. a4 Rb8 19. a5 Na8 20. Na4 Bxd4 21. Bxd4
Nc6 22. Bxc6 bxc6 23. Nc5 1-0

[Event "Tradewise Gibraltar Chess Festival 2013"]
[Site "Gibraltar ENG"]
[Date "2013.01.27"]
[Round "6.38"]
[White "Forsaa, Espen"]
[Black "Docx, Stefan"]
[Result "0-1"]
[WhiteElo "2305"]
[BlackElo "2426"]
[PlyCount "76"]
[EventDate "2013.01.22"]
[EventType "swiss"]
[EventRounds "10"]
[EventCountry "ENG"]
[Source "lmi"]
[SourceDate "2013.01.22"]

1. d4 Nf6 2. c4 e6 3. Nc3 Bb4 4. e3 O-O 5. Nge2 c6 6. a3 Ba5 7. b4 Bc7 8. Ng3
d5 9. f4 b6 10. c5 a5 11. Bd2 Ba6 12. Kf2 Bxf1 13. Rxf1 axb4 14. axb4 Rxa1 15.
Qxa1 Ng4+ 16. Kg1 Qh4 17. h3 Nxe3 18. Bxe3 Qxg3 19. Rf3 Qh4 20. Qa7 Qd8 21. Bf2
Re8 22. Ne2 Re7 23. Qa8 Qc8 24. Ra3 Bd8 25. Bg3 Rb7 26. Kh2 bxc5 27. bxc5 Bc7
28. Ra7 Rxa7 29. Qxa7 Nd7 30. f5 e5 31. dxe5 Bxe5 32. Bxe5 Nxe5 33. Nd4 h6 34.
Kh1 Qd8 35. Qb7 Qf6 36. Qc7 Kh7 37. Qc8 Qg5 38. Nxc6 Qc1+ 0-1

[Event "Tradewise Gibraltar Chess Festival 2013"]
[Site "Gibraltar ENG"]
[Date "2013.01.27"]
[Round "6.39"]
[White "Loew, Gerald"]
[Black "Houska, Jovanka"]
[Result "1/2-1/2"]
[WhiteElo "2231"]
[BlackElo "2416"]
[PlyCount "121"]
[EventDate "2013.01.22"]
[EventType "swiss"]
[EventRounds "10"]
[EventCountry "ENG"]
[Source "lmi"]
[SourceDate "2013.01.22"]

1. c4 e6 2. g3 Nf6 3. Bg2 d5 4. Nf3 Be7 5. O-O O-O 6. b3 c5 7. Bb2 b6 8. e3 Bb7
9. Nc3 Nbd7 10. Qe2 Rc8 11. Rfd1 Qc7 12. Nh4 dxc4 13. bxc4 Bxg2 14. Nxg2 Rfd8
15. d3 a6 16. a4 Ne5 17. f4 Nc6 18. g4 Rd7 19. g5 Ne8 20. h4 Nb4 21. Rd2 Rcd8
22. Rad1 Nd6 23. Ba1 Nf5 24. Ne1 e5 25. Nd5 Nxd5 26. Bxe5 Nxf4 27. Bxf4 Bd6 28.
Ng2 Re8 29. Bxd6 Qxd6 30. Qf2 g6 31. Re1 Qc6 32. Nf4 Qxa4 33. e4 Nd4 34. Nd5
Rxd5 35. cxd5 Qd7 36. Qg3 a5 37. Kg2 a4 38. Rf1 b5 39. Rdf2 Rf8 40. h5 gxh5 41.
Rh1 Qg4 42. Qxg4 hxg4 43. Kg3 Kg7 44. Rfh2 Rh8 45. Rh6 b4 46. Kxg4 a3 47. Ra6
Nc2 48. Ra5 Rc8 49. d6 Nd4 50. Rf1 b3 51. Rxa3 Nc2 52. Raa1 b2 53. Rab1 Ne3+
54. Kf4 Nxf1 55. Rxf1 c4 56. dxc4 Rxc4 57. Rb1 Rb4 58. Kf5 Kf8 59. e5 Ke8 60.
Kf6 Rb5 61. d7+ 1/2-1/2

[Event "Tradewise Gibraltar Chess Festival 2013"]
[Site "Gibraltar ENG"]
[Date "2013.01.27"]
[Round "6.41"]
[White "Lind, Jan-Olof"]
[Black "Arakhamia-Grant, Ketevan"]
[Result "1/2-1/2"]
[WhiteElo "2217"]
[BlackElo "2405"]
[PlyCount "143"]
[EventDate "2013.01.22"]
[EventType "swiss"]
[EventRounds "10"]
[EventCountry "ENG"]
[Source "lmi"]
[SourceDate "2013.01.22"]

1. e4 d5 2. exd5 Qxd5 3. d4 e5 4. c3 Nc6 5. Nf3 Nf6 6. Be2 e4 7. Ng1 Bf5 8. Be3
Be7 9. Nd2 O-O 10. g4 Bg6 11. Nh3 Qd8 12. Nf4 Nd5 13. Nxd5 Qxd5 14. h4 h6 15.
Bc4 Qd8 16. g5 hxg5 17. hxg5 Na5 18. Qg4 Nxc4 19. Nxc4 Qc8 20. Qh4 f6 21. O-O-O
b5 22. gxf6 Bxf6 23. Qg3 Qf5 24. Ne5 Bxe5 25. dxe5 Rae8 26. Rdg1 Re6 27. Qh2
Kf7 28. Rg5 Qf3 29. Rd1 Rfe8 30. Rd7+ R8e7 31. Rxe7+ Kxe7 32. Qh8 Qf7 33. Qc8
Rc6 34. Rg1 Qe6 35. Bg5+ Kf7 36. Qd8 e3 37. Rd1 Bf5 38. Bxe3 b4 39. Bd4 bxc3
40. Bxc3 Qh6+ 41. Qd2 Qe6 42. Qd5 Qxd5 43. Rxd5 Be6 44. Ra5 a6 45. Kd2 Kg6 46.
Ra4 Kf5 47. a3 g5 48. Ke3 Bd5 49. Kd4 Ba2 50. Rb4 g4 51. Rb8 Rc4+ 52. Kd3 Rc6
53. Rf8+ Ke6 54. Rf4 Bb1+ 55. Kd4 Bf5 56. b4 Rb6 57. Kc5 Rb8 58. Kc6 Rh8 59. a4
Rh3 60. Bd4 Rb3 61. b5 axb5 62. a5 Ra3 63. Kxb5 Ra2 64. Bc3 Rc2 65. Kb4 Re2 66.
Kb5 Rc2 67. Bd4 Bd3+ 68. Kb4 Kd5 69. Bc3 c5+ 70. Kb3 Re2 71. Rxg4 Rxf2 72. Rh4
1/2-1/2